Seminars of the United Nations programme on space applications : (Record no. 100072)

MARC details
000 -LEADER
campo de control de longitud fija 01123cam a2200313Ia 4500
001 - NÚMERO DE CONTROL
campo de control 54610
005 - FECHA Y HORA DE LA ÚLTIMA TRANSACCIÓN
campo de control 20230410143341.0
008 - DATOS DE LONGITUD FIJA--INFORMACIÓN GENERAL
campo de control de longitud fija 070117s2005 nyuab i100 0 eng d
035 ## - NÚMERO DE CONTROL DEL SISTEMA
Número de control de sistema (OCoLC)ocm78568619
040 ## - FUENTE DE CATALOGACIÓN
Centro catalogador/agencia de origen NDD
Centro/agencia transcriptor NDD
Centro/agencia modificador U3G
-- DRFGD
020 ## - NÚMERO INTERNACIONAL ESTÁNDAR DEL LIBRO
Número Internacional Estándar del Libro 9211009871
020 ## - NÚMERO INTERNACIONAL ESTÁNDAR DEL LIBRO
Número Internacional Estándar del Libro 9789211009873
035 ## - NÚMERO DE CONTROL DEL SISTEMA
Número de control de sistema (OCoLC)78568619
049 ## - FONDOS LOCALES (OCLC)
Biblioteca depositaria GRAL
050 14 - SIGNATURA TOPOGRÁFICA DE LA BIBLIOTECA DEL CONGRESO
Número de clasificación S471s 2005
245 00 - MENCIÓN DEL TÍTULO
Título Seminars of the United Nations programme on space applications :
Resto del título selected papers from activities held in 2005.
260 ## - PUBLICACIÓN, DISTRIBUCIÓN, ETC.
Lugar de publicación, distribución, etc. New York :
Nombre del editor, distribuidor, etc. United Nations,
Fecha de publicación, distribución, etc. 2005.
300 ## - DESCRIPCIÓN FÍSICA
Extensión v, 95 p. :
Otras características físicas ill., maps ;
Dimensiones 30 cm.
500 ## - NOTA GENERAL
Nota general "ST/SPACE/31"--T.p. verso.
500 ## - NOTA GENERAL
Nota general At top of title: Office for Outer Space Affairs United Nations office at Vienna.
500 ## - NOTA GENERAL
Nota general "United Nations publication sales no.: E.06.I.5.--T.p. verso.
650 #0 - PUNTO DE ACCESO ADICIONAL DE MATERIA--TÉRMINO DE MATERIA
Término de materia o nombre geográfico como elemento de entrada Space sciences
Subdivisión general Study and teaching
Subdivisión de forma Congresses.
650 #0 - PUNTO DE ACCESO ADICIONAL DE MATERIA--TÉRMINO DE MATERIA
Término de materia o nombre geográfico como elemento de entrada Space sciences
Subdivisión general Research
Subdivisión de forma Congresses.
650 #0 - PUNTO DE ACCESO ADICIONAL DE MATERIA--TÉRMINO DE MATERIA
Término de materia o nombre geográfico como elemento de entrada Space industrialization
Subdivisión de forma Congresses.
710 2# - ENTRADA AGREGADA--NOMBRE DE ENTIDAD CORPORATIVA
Nombre de entidad corporativa o nombre de jurisdicción como elemento de entrada United Nations.
Unidad subordinada Office for Outer Space Affairs.
942 ## - ELEMENTOS DE ENTRADA SECUNDARIOS (KOHA)
Fuente del sistema de clasificación o colocación Clasificación de Library of Congress
Tipo de ítem Koha
946 ## - PROCESAMIENTO DE INFORMACIÓN LOCAL (OCLC)
a lmminaya
994 ## -
-- C0
-- DRFGD
Holdings
Estatus retirado Estado de pérdida Fuente del sistema de clasificación o colocación Estado de daño No para préstamo Colección Biblioteca de origen Biblioteca actual Ubicación en estantería Fecha de adquisición Signatura topográfica completa Código de barras Visto por última vez Copia número Tipo de ítem Koha
    Clasificación de Library of Congress     Agricultura Biblioteca Juan Bosch Biblioteca Juan Bosch Automatización y Procesos Técnicos (1er. Piso) 10/04/2023 S471s 2005 00000056665 21/01/2019 1